Responses for Show #859 - Thursday, May 5, 1988

Mark Lowenthal game 2.

Contestants

Paul Hjelmervik, a stage manager from Baltimore, Maryland

Debra Malki, a human resources consultant from Winnetka, Illinois

Mark Lowenthal, a State Department employee from Reston, Virginia (whose 1-day cash winnings total $12,200)

[next game >>]

Jeopardy! Round responses

MATHEMATICS
MUSEUMS
MOVIE CLASSICS
ACRONYMS
HISTORY
BREAKFAST CEREAL
    $100 20
a pyramid

Mark
    $100 2
(Debra: Who is Imelda Marcos?)

Vanna White

DebraPaul
    $100 3
Hope & Crosby

Paul
    $100 13
the Screen Actors Guild

Mark
    $100 1
Joan of Arc

Debra
    $100 12
a rooster

Mark
    $200 18
Barry Goldwater

Mark
    $200 4
the stars

Mark
    $200 14
SCAT

Triple Stumper
    $200 5
Queen Victoria

Mark
    $200 22
marshmallow

Debra
    $300 19
Churchill Downs

Paul
    $300 7
Groucho Marx

Paul
    $300 15
(Alex: Cooperative for American Relief [*], correct, that is correct.)

Everywhere

Mark
    $300 6
the James Brothers (Frank & Jesse)

Paul
    $400 21
Deadwood

Paul
    $400 8
(Mark: What is To Catch a Thief?)

Rebecca

Mark
Triple Stumper
    $400 16
Racial Equality

Mark
    $400 9
the Persian Empire

Mark
    $400 26
(Mark: Uh, what is, um, Yogi Bear?)
(Paul: What are Flintstones?)
[The end-of-round signal sounds.]

(Cocoa & Fruity) Pebbles

MarkDebraPaul
    $500 25
(Mark: What is 10?)
(Paul: What is D?)

1,000 (the letter M)

MarkPaul
Triple Stumper
    $500 23
Isak Dinesen (Karen Blixen)

Debra
    $700 11
her daughter & her father (Gerald O'Hara & "Bonnie Blue" Butler)

Paul
    $500 17
NORAD

Mark
    $500 10
the East India Company

Paul
    $500 24
(Paul: What is Bite Size?)

Spoon Size

DebraPaul

Scores at the first commercial break (after clue 11):

Mark Debra Paul
$400 $0 $2,000

Scores at the end of the Jeopardy! Round:

Mark Debra Paul
$1,200 $1,600 $1,300

Double Jeopardy! Round responses

MAMMALS
GOVERNMENT
"T" ON THE MAP
RUSSIAN COMPOSERS
PLACES OF WORSHIP
LAST WORDS
    $200 17
a cat

Mark
    $200 1
a county

Debra
    $200 3
Toyota

Mark
    $200 21
the navy

Debra
    $200 2
a synagogue

Paul
    $200 5
(Debra: Who was Lenin?)

Karl Marx

MarkDebra
    $400 19
perfume

Triple Stumper
    $400 4
(Mark: What is the House of Representatives?)

the U.S. Senate

MarkPaul
    $400 9
Turin

Mark
    $400 27
(Alex: [*], the "Sleeping Beauty Waltz". Select again.)
[The end-of-round signal sounds.]
(Mark: Um...)
(Alex: Oh, we won't get a chance for anything else.)

Tchaikovsky

Mark
    $400 15
the Moon

Mark
    $400 13
Douglas Fairbanks

Mark
    $600 20
a mammoth

Paul
    $600 6
Treasury

Mark
    $1,000 10
Trinidad & Tobago

Mark
    $600 26
Shinto

Mark
    $600 14
Elizabeth Barrett Browning

Debra
    $800 24
bamboo

Mark
    $800 7
(Mark: What is Glass-Steagall Act?)
(Alex: No, I'm sorry, that's incorrect. Debra or Paul?)
[The time's-up signal sounds.]
(Alex: Close, Mark. The Glass-Steagall Act came after the crash of '29. That was 1933. The one you're thinking of is [*].)
(Mark: Right, right. Senator, not Representative.)
(Alex: Yes, you got it. You get to select again.)

the Owen-Glass Act (the Federal Reserve Act of 1913)

Mark
Triple Stumper
    $800 11
Tenerife

Mark
    $800 23
New York City

Mark
    $800 16
Lord Nelson

Paul
    $1000 25
a kangaroo

Triple Stumper
    $1000 8
a dollar-a-year man

Mark
    $1000 12
(Mark: What is Tuvalu?)
(Debra: What is Papua New Guinea?)
(Paul: What is Tahiti?)

Tonga

MarkDebraPaul
Triple Stumper
    $1000 22
Buddhists

Debra
    $1000 18
George Bernard Shaw

Mark

Scores at the end of the Double Jeopardy! Round:

Mark Debra Paul
$7,800 $2,400 $2,300
(lock game)

[wagering suggestions for these scores]

Final Jeopardy! Round responses

19th C. AMERICANS
PaulWhat is the War of 1812
$2,200
DebraWhat was the Mexican-American War?
$2,399
MarkWhat was the War of 1812?
$1,800
the War of 1812

Final scores:

Mark Debra Paul
$9,600 $1 $4,500
2-day champion: $21,800 3rd place: Vita-Vac Air Cleaner vacuum by Vita-Mix 2nd place: Mallin Cameo Collection patio furniture + a John Deere self-propelled mower with electronic ignition

Game dynamics:

Coryat scores:

Mark Debra Paul
$7,400 $2,400 $2,100
25 R
(including 2 DDs),
6 W
9 R,
3 W
12 R
(including 1 DD),
4 W

Combined Coryat: $11,900

[game clues] [game scores] [suggest correction]

Game tape date: 1988-01-25
The J! Archive is created by fans, for fans. Scraping, republication, monetization, and malicious use prohibited; this site may use cookies and collect identifying information. See terms. The Jeopardy! game show and all elements thereof, including but not limited to copyright and trademark thereto, are the property of Jeopardy Productions, Inc. and are protected under law. This website is not affiliated with, sponsored by, or operated by Jeopardy Productions, Inc. Join the discussion at JBoard.tv.